000
00270nam a22001097a 4500
020
_a
9788184114515
082
_a
631.587
_b
SAX/AG
100
_a
Saxena, Sandeep
245
_a
Agriculture and water management
260
_a
New Delhi
_b
Sonali publications
_c
2012
942
_c
BK
999
_c
13989
_d
13989